Statistiques concernant Questions Culture Rap FR - Qui suis-je ?

Cliquez ici pour prendre le quiz!

Statistiques générales

  • Ce quiz a été pris 320 fois
  • Le résultat moyen est 14 sur 20

Statistiques - réponses

IndiceRéponse% Correct
Deux frères, deux fauves, le M.PNL
96%
J'ai sorti l'album classique "Or Noir".Kaaris
89%
Je suis le rappeur français qui a le plus vendu dans l'histoire du rap français.Jul
88%
Je me suis fais connaitre grâce aux "Afro Trap"MHD
87%
La Mala est GangxGazo
85%
Je suis un rappeur cagoulé originaire de Sevran.Kalash Criminel
85%
Okay Okay !Naps
85%
Ma carrière a décollé grâce à mon projet "A7".SCH
85%
Un de mes plus gros morceaux est "Freestyle PSG".Niska
80%
Je suis issu du collectif 667, ma carrière a pris de l'ampleur grâce à mon album LMF.Freeze Corleone
79%
Ma go fait du XS.Josman
76%
J'ai sorti la série de freestyle "Binks to Binks".Ninho
75%
Je viens de Martinique, mon plus gros morceau est en feat avec Damso.Kalash
71%
Avant de me lancer en solo je formais un groupe avec le rappeur Ali.Booba
57%
J'ai sorti les projets "RIPRO"Lacrim
50%
Je suis aussi un rappeur cagoulé anciennement signé chez 92I.Siboy
44%
Merci ... pour les travaux.Stavo
40%
Je n'ai jamais sorti mon album "Ultraviolet".Ateyaba
34%
Je suis le rappeur issue de la Mafia k'1 Fry qui a vendu le plus de disques dans sa carrière.Rohff
28%
Je viens d'Aubervilliers, je suis issu du groupe Tandem.Mac Tyer
18%

Distribution des résultats

Percentile par nombre de réponses

% des personnes avec chaque résultat

Votre développement - résultats

Vous n’avez pas pris ce quiz